| 000 | 00433nam a2200193Ia 4500 | ||
|---|---|---|---|
| 003 | 0100 | ||
| 008 | 130227s9999 xx 000 0 und d | ||
| 040 | _cARRUPELIB | ||
| 050 | _aBT102.R69 | ||
| 100 | _aRowe, William L. | ||
| 245 | 4 | _aThe cosmological argument | |
| 260 | _aNew York | ||
| 260 | _bFordham University Press | ||
| 260 | _C1998 | ||
| 300 | _a273p. | ||
| 300 | _b 23 cm | ||
| 650 | _bHinduism | ||
| 942 |
_2lcc _02 |
||
| 999 |
_c2201 _d2201 |
||